Countries Ending in "IA" - Statistics

General Stats
  • This quiz has been taken 208,921 times
    206,231 since last reset
  • The average score is 24 of 38
Answer Stats
Country % Correct
Slovakia
78%
Latvia
76%
Australia
75%
Slovenia
75%
India
73%
Indonesia
73%
Lithuania
73%
Croatia
72%
Algeria
71%
Serbia
71%
Colombia
70%
Namibia
70%
Russia
70%
Albania
69%
Bulgaria
68%
Estonia
68%
Romania
68%
Austria
67%
Malaysia
65%
Nigeria
65%
Zambia
65%
Georgia
63%
Bolivia
61%
Ethiopia
61%
Somalia
61%
Tanzania
61%
The Gambia
59%
Armenia
58%
Cambodia
57%
Tunisia
57%
Saudi Arabia
56%
Mongolia
55%
Syria
54%
North Macedonia
51%
Liberia
50%
Mauritania
50%
F.S. Micronesia
39%
Saint Lucia
31%
No matching quizzes found
Score Distribution
Percent of People with Each Score
Percentile by Number Answered
Your Score History
You have not taken this quiz since the last reset